ជងឺរលាកក្រពះ_ពោះវៀនសត្វជ្រូក, (Record no. 1560)
[ view plain ]
| 000 -LEADER | |
|---|---|
| fixed length control field | 00485nam a22001577a 4500 |
| 003 - CONTROL NUMBER IDENTIFIER | |
| control field | OSt |
| 005 - DATE AND TIME OF LATEST TRANSACTION | |
| control field | 20151001095551.0 |
| 008 - FIXED-LENGTH DATA ELEMENTS--GENERAL INFORMATION | |
| fixed length control field | 151001b xxu||||| |||| 00| 0 eng d |
| 040 ## - CATALOGING SOURCE | |
| Transcribing agency | RUA |
| 082 ## - DEWEY DECIMAL CLASSIFICATION NUMBER | |
| Classification number | AVM កាន់ 1993 B067 Or.1 |
| 100 ## - MAIN ENTRY--PERSONAL NAME | |
| 9 (RLIN) | 1652 |
| Personal name | កាន់ ផាន់ណារ៉ា |
| 245 ## - TITLE STATEMENT | |
| Title | ជងឺរលាកក្រពះ_ពោះវៀនសត្វជ្រូក, |
| 260 ## - PUBLICATION, DISTRIBUTION, ETC. (IMPRINT) | |
| Place of publication, distribution, etc. | phnom penh |
| Name of publisher, distributor, etc. | RUA |
| Date of publication, distribution, etc. | 1993 |
| 300 ## - PHYSICAL DESCRIPTION | |
| Extent | 56p. |
| Other physical details | ill. |
| Dimensions | 29cm. |
| 942 ## - ADDED ENTRY ELEMENTS (KOHA) | |
| Source of classification or shelving scheme | |
| Koha item type | AVM |
| Price effective from | Date last seen | Permanent Location | Not for loan | Date acquired | Source of classification or shelving scheme | Koha item type | Lost status | Withdrawn status | Date last checked out | Total Checkouts | Shelving location | Damaged status | Barcode | Current Location | Full call number |
|---|---|---|---|---|---|---|---|---|---|---|---|---|---|---|---|
| 2015-10-01 | 2015-10-01 | Library Block B | 2015-10-01 | AVM | B067 | RUA007491 | Library Block B | AVM កាន់ 1993 B067 Or.1 | |||||||
| 2015-10-01 | 2018-10-01 | Library Block B | 2015-10-01 | AVM | 2018-09-18 | 2 | B067 | RUA007017 | Library Block B | AVM កាន់ 1993 B067 Or.2 | |||||
| 2015-10-01 | 2015-10-01 | Library Block B | 2015-10-01 | AVM | B067 | RUA007472 | Library Block B | AVM កាន់ 1993 B067 Or.3 | |||||||
| 2015-10-01 | 2015-10-01 | Library Block B | 2015-10-01 | AVM | B067 | RUA007400 | Library Block B | AVM កាន់ 1993 B067 Or.4 | |||||||
| 2015-10-01 | 2015-10-01 | Library Block B | 2015-10-01 | AVM | B067 | RUA007457 | Library Block B | AVM កាន់ 1993 B067 Or.5 | |||||||
| 2015-10-01 | 2015-10-01 | Library Block B | 2015-10-01 | AVM | B067 | RUA007524 | Library Block B | AVM កាន់ 1993 B067 Or.6 | |||||||
| 2015-10-01 | 2015-10-01 | Library Block B | 2015-10-01 | AVM | B067 | RUA008364 | Library Block B | AVM កាន់ 1993 B067 Or.7 | |||||||
| 2015-10-01 | 2015-10-01 | Library Block B | 2015-10-01 | AVM | B067 | RUA007233 | Library Block B | AVM កាន់ 1993 B067 Or.8 | |||||||
| 2015-10-01 | 2015-10-01 | Library Block B | 2015-10-01 | AVM | B067 | RUA008089 | Library Block B | AVM កាន់ 1993 B067 Or.9 |